| 000 | 00590nam a2200181Ia 4500 | ||
|---|---|---|---|
| 008 | 100917s9999 xx 000 0 und d | ||
| 082 | _b63371 | ||
| 100 | _aतिबिले अनंत | ||
| 245 | _aआम्ही ही शर्थ केली | ||
| 260 |
_bयुवराज ग्रंथ प्रकाशन _c1983 |
||
| 300 | _a242 | ||
| 365 | _b40 | ||
| 520 | _aकादंबरी | ||
| 630 | _aआम्ही ही शर्थ केली | ||
| 650 | _aकादंबरी | ||
| 730 | _aआम्ही ही शर्थ केली | ||
| 942 | _cBOOK | ||
| 999 |
_c668765 _d668762 |
||